Na vlásku /

Hlavní autor: Horáková, Ivana, 1947-
Další autoři: Hubatová, Eva, 1956-
Jazyk: Čeština
Vydáno: [Česko] : [nakladatel není známý], 2017
Témata:
Fyzický popis: 27 stran : ilustrace ; 21 cm
Knihy
Uloženo v:
LEADER 01422nam a2200421 i 4500
001 nkc20162865790
003 CZ PrNK
005 20171114093412.0
007 ta
008 171026s2017 xr a g 000 m cze
015 |a cnb002865790 
020 |a 978-80-270-1053-0  |q (brožováno) 
035 |a (OCoLC)1015191971 
040 |a ABA001  |b cze  |e rda 
072 7 |a 821.162.3-1  |x Česká poezie  |2 Konspekt  |9 25 
080 |a 821.162.3-1  |2 MRF 
080 |a 821.162.3-3  |2 MRF 
080 |a (0:82-1)  |2 MRF 
080 |a (0:82-3)  |2 MRF 
100 1 |a Horáková, Ivana,  |d 1947-  |7 xx0019552  |4 aut 
245 1 0 |a Na vlásku /  |c Ivana Horáková, Eva Hubatová 
264 1 |a [Česko] :  |b [nakladatel není známý],  |c 2017 
264 3 |a Plzeň :  |b Bílý slon 
300 |a 27 stran :  |b ilustrace ;  |c 21 cm 
336 |a text  |b txt  |2 rdacontent 
337 |a bez média  |b n  |2 rdamedia 
338 |a svazek  |b nc  |2 rdacarrier 
500 |a "Autorka básní: Ivana Horáková, autorka ilustrací: Eva Hubatová"--Tiráž 
655 7 |a česká poezie  |7 fd133958  |2 czenas 
655 7 |a české prózy  |7 fd133972  |2 czenas 
655 9 |a Czech prose  |2 eczenas 
655 9 |a Czech poetry  |2 eczenas 
700 1 |a Hubatová, Eva,  |d 1956-  |7 xx0090964  |4 ill 
910 2 |a BOA001  |b 2-1396.266 
990 |a BK 
995 |a 01 
991 |b 201710  |c NOV 
996 6 |b 2610722372  |c 2-1396.266  |l MZK  |r Sklad / do 1 hodiny  |n 0  |p p.v.  |w 001636152  |u 000010  |a 1  |e BOA001  |j MZK50  |s P